Als USA-Botschafter in Moskau : (Titelsatznr. 51050)
[ MARC ]
| 000 -Satzkennung | |
|---|---|
| Kontrollfeld mit fester Länge | 00695nam a22002411c 4500 |
| 001 - Kontrollnummer | |
| Kontrollfeld | a987689509 |
| 008 - Feld mit fester Länge zur physischen Beschreibung - Allgemeine Angaben | |
| Kontrollfeld mit fester Länge | 180523s1943 gw |||| 000u ger d |
| 041 ## - Sprachcode | |
| Sprachcode des Textes/der Tonspur oder des separaten Titels | ger |
| 040 ## - Katalogisierungsquelle | |
| Übertragungsstelle | RU-10907106 |
| 003 - Kontrollnummer Identifier | |
| Kontrollfeld | RU-10907106 |
| 100 1# - Haupteintragung - Personenname | |
| Personenname | Davies, Joseph Edward |
| 240 10 - Einheitstitel | |
| Einheitstitel | Mission to Moscow |
| 245 00 - Titel | |
| Titel | Als USA-Botschafter in Moskau : |
| Zusatz zum Titel | authentische und vertrauliche Berichte über die Sowjet-Union bis Oktober 1941 |
| 250 ## - Ausgabebezeichnung | |
| Ausgabebezeichnung | 3. Auflage |
| 264 ## - Produktion, Veröffentlichung, Distribution, Herstellung und Urheberrechtsvermerk | |
| Herstellungs-, Veröffentlichungs- Vertriebs-, Erzeugungsort | Zürich : |
| Produzent, Herausgeber, Distributor, Hersteller | Steinberg Verlag, |
| Datum der Herstellung, der Veröffentlichung, des Vertriebs oder des Urheberschutzvermerks | 1943 |
| 600 #0 - Nebeneintragung unter einem Schlagwort - Personenname | |
| Personenname | Davies, Joseph Edward |
| 600 #0 - Nebeneintragung unter einem Schlagwort - Personenname | |
| Personenname | Stalin, Iosif V. |
| 650 #0 - Nebeneintragung unter einem Schlagwort - Sachschlagwort | |
| Sachschlagwort oder geografischer Name als Eintragungselement | Weltkrieg <1939-1945> |
| 650 #0 - Nebeneintragung unter einem Schlagwort - Sachschlagwort | |
| Sachschlagwort oder geografischer Name als Eintragungselement | Außenpolitik |
| 651 #0 - Nebeneintragung unter einem Schlagwort - Geografischer Name | |
| Geografischer Name | Europa |
| 651 #0 - Nebeneintragung unter einem Schlagwort - Geografischer Name | |
| Geografischer Name | Sowjetunion |
| 942 ## - Zusätzliche Felder (Koha) | |
| Koha-Medientyp | Monographien |
| Ausgeschieden | Verloren | Klassifikation oder Aufstellungssystematik | Beschädigt | Nicht entleihbar | Heimatbibliothek | Aufenthaltsbibliothek | Aufstellungsort | Erwerbungsdatum | Inventarnummer | Signatur | Barcode | Letzte Aktivität | Preis gültig von | Koha-Medientyp |
|---|---|---|---|---|---|---|---|---|---|---|---|---|---|---|
| Andere/Generische Klassifikation | MWN Osteuropa | MWN Osteuropa | Magazin - 2 | 23/05/2018 | 18-01881 | R 62 c Dav (D) | E0040150790E8376 | 23/02/2021 | 22/03/2021 | Monographien |